000 00700nam a2200229 i 4500
001 124444
003 ES-MaACL
005 20251001141117.0
007 t|
008 070327s1925 sp ||||1| spa d
080 _a341(023)
100 1 _aNiemeyer, Theodor.
_985640
245 1 0 _aDerecho internacional público /
_cTheodor Niemeyer ; traducción Faustino Ballve.
260 _aBarcelona :
_bLabor,
_c1925.
300 _a148 p. ;
_c17 cm.
490 1 _aColección Labor ;
_v60
650 1 7 _aDerecho internacional público
_2embne
_911723
700 1 _aBallvé, Faustino,
_d1887-1958
_925088
830 0 0 _aColección Labor
_v60
_9184254
852 _aES-MaACL
_jE-2603
999 _c124444
_d124444